| 000 | 00896nam a2200277Ia 4500 | ||
|---|---|---|---|
| 003 | OSt | ||
| 005 | 20220926012854.0 | ||
| 006 | a|||||r|||| 00| 0 | ||
| 007 | ta | ||
| 008 | 220923b |||||||| |||| 00| 0 eng d | ||
| 020 |
_a9781462520060 _c4329.00 |
||
| 037 |
_b11901, 31/01/2020, AHUJA BOOK COMPANY PVT.LTD. _cGeneral Book |
||
| 040 |
_aRTL _cRTL _beng |
||
| 041 |
_2eng _aeng |
||
| 082 | _aU475:(L), Q7 | ||
| 100 |
_aEMCH MIchael _9317422 |
||
| 245 | 0 | _aHealth and medical geography. | |
| 250 | _a4th | ||
| 260 |
_aNew York _bGuilford Press _c2017 |
||
| 300 |
_axviii,517p. _ccm. |
||
| 650 | _aGeography | ||
| 700 |
_a CARREL Margaret _9317423 |
||
| 700 |
_a ROOT Elisabeth Dowling _9317424 |
||
| 942 |
_hU475:(L), Q7 _cGB _2CC |
||
| 999 |
_c624550 _d624550 |
||